| 000 | 00695nam a2200217 a 4500 | ||
|---|---|---|---|
| 005 | 20220916063526.0 | ||
| 008 | 021002s1999 es r 000 0 spa d | ||
| 020 | _a8477206856 | ||
| 035 | _aUPN01000119882 | ||
| 049 | _aI | ||
| 050 | 4 |
_aPS3511 I8 _bB8.38 |
|
| 100 | 1 |
_aFisher, Robert, _d1922- _931014 |
|
| 245 | 1 | 3 |
_aEl búho que no podía ulular / _cRobert Fisher, Beth Kelly ; tr. Verónica d'Ornellas. |
| 260 |
_aBarcelona, Esp. : _bObelisco, _c1999. |
||
| 300 |
_a99 p. : _bil. |
||
| 440 | 0 | _aNueva consciencia | |
| 534 |
_pTraducción de: _tThe owl who didn't give a hoot |
||
| 650 | 7 |
_aLiteratura infantil estadounidense _2 _99173 |
|
| 700 | 1 |
_aKelly, Beth, _ecoaut. |
|
| 905 | _aInfantil | ||
| 999 |
_c92232 _d92232 |
||